<?xml version="1.0" encoding="UTF-8"?>
<record
    xmlns:xsi="http://www.w3.org/2001/XMLSchema-instance"
    xsi:schemaLocation="http://www.loc.gov/MARC21/slim http://www.loc.gov/standards/marcxml/schema/MARC21slim.xsd"
    xmlns="http://www.loc.gov/MARC21/slim">

  <leader>01379cam a2200313Ia 4500</leader>
  <datafield tag="999" ind1=" " ind2=" ">
    <subfield code="c">79736</subfield>
    <subfield code="d">317013</subfield>
  </datafield>
  <controlfield tag="001">39377575</controlfield>
  <controlfield tag="003">OCoLC</controlfield>
  <controlfield tag="005">20220314154942.0</controlfield>
  <controlfield tag="008">980701s1998    enk      b    000 0 eng d</controlfield>
  <datafield tag="020" ind1=" " ind2=" ">
    <subfield code="a">0194372138</subfield>
  </datafield>
  <datafield tag="020" ind1=" " ind2=" ">
    <subfield code="a">9780194372138</subfield>
  </datafield>
  <datafield tag="035" ind1=" " ind2=" ">
    <subfield code="a">(OCoLC)39377575</subfield>
  </datafield>
  <datafield tag="040" ind1=" " ind2=" ">
    <subfield code="a">IQU</subfield>
    <subfield code="b">eng</subfield>
    <subfield code="c">IQU</subfield>
    <subfield code="d">UGX</subfield>
    <subfield code="d">BAKER</subfield>
    <subfield code="d">NLGGC</subfield>
    <subfield code="d">LVB</subfield>
    <subfield code="d">YDXCP</subfield>
    <subfield code="d">OCLCG</subfield>
    <subfield code="d">VLB</subfield>
    <subfield code="d">ZWZ</subfield>
    <subfield code="d">UKBOL</subfield>
    <subfield code="d">BDX</subfield>
    <subfield code="d">OCLCO</subfield>
    <subfield code="d">OCLCQ</subfield>
    <subfield code="d">OCLCF</subfield>
    <subfield code="d">OCLCQ</subfield>
    <subfield code="d">UtOrBLW</subfield>
  </datafield>
  <datafield tag="050" ind1=" " ind2="4">
    <subfield code="a">P37</subfield>
    <subfield code="b">.S385 1998</subfield>
  </datafield>
  <datafield tag="082" ind1="0" ind2="4">
    <subfield code="a">401.9</subfield>
    <subfield code="b">STP</subfield>
    <subfield code="2">21</subfield>
  </datafield>
  <datafield tag="090" ind1=" " ind2=" ">
    <subfield code="a">P37</subfield>
    <subfield code="b">.S385 1998</subfield>
  </datafield>
  <datafield tag="100" ind1="1" ind2=" ">
    <subfield code="a">Scovel, Thomas,</subfield>
    <subfield code="d">1939-</subfield>
    <subfield code="9">89503</subfield>
  </datafield>
  <datafield tag="245" ind1="1" ind2="0">
    <subfield code="a">Psycholinguistics /</subfield>
    <subfield code="c">Thomas Scovel</subfield>
  </datafield>
  <datafield tag="264" ind1=" " ind2="1">
    <subfield code="a">Oxford ;</subfield>
    <subfield code="a">New York :</subfield>
    <subfield code="b">Oxford University Press,</subfield>
    <subfield code="c">1998</subfield>
  </datafield>
  <datafield tag="300" ind1=" " ind2=" ">
    <subfield code="a">xiii, 134 pages ;</subfield>
    <subfield code="c">21 cm</subfield>
  </datafield>
  <datafield tag="490" ind1="1" ind2=" ">
    <subfield code="a">Oxford introductions to language study</subfield>
  </datafield>
  <datafield tag="504" ind1=" " ind2=" ">
    <subfield code="a">Includes bibliographical references (pages 115-121)</subfield>
  </datafield>
  <datafield tag="505" ind1="0" ind2=" ">
    <subfield code="a">Acquisition: when I was a child, I spoke as a child -- Production: putting words in one's mouth -- Comprehension: understanding what we hear and read -- Dissolution: language loss</subfield>
  </datafield>
  <datafield tag="520" ind1=" " ind2=" ">
    <subfield code="a">Part of a series of introductions to the key disciplines in the study of language, this book informs the reader about current thinking and acts as a guide to further enquiry</subfield>
  </datafield>
  <datafield tag="650" ind1=" " ind2="0">
    <subfield code="a">Psycholinguistics</subfield>
    <subfield code="9">89504</subfield>
  </datafield>
  <datafield tag="650" ind1=" " ind2="4">
    <subfield code="a">Psicoling&#xA9;&#x1A1;&#xA9;&#x1AF;stica</subfield>
    <subfield code="9">56737</subfield>
  </datafield>
  <datafield tag="830" ind1=" " ind2="0">
    <subfield code="a">Oxford introductions to language study</subfield>
    <subfield code="9">46072</subfield>
  </datafield>
  <datafield tag="942" ind1=" " ind2=" ">
    <subfield code="2">ddc</subfield>
    <subfield code="c">BOOK</subfield>
  </datafield>
  <datafield tag="952" ind1=" " ind2=" ">
    <subfield code="1">0</subfield>
    <subfield code="2">2022-03-14</subfield>
    <subfield code="4">0</subfield>
    <subfield code="7">0</subfield>
    <subfield code="a">401.9 STP</subfield>
    <subfield code="d">2022-03-14</subfield>
    <subfield code="h">CL</subfield>
    <subfield code="i">00168956</subfield>
    <subfield code="m">CL</subfield>
    <subfield code="r">2022-03-14 00:00:00</subfield>
    <subfield code="t">BOOK</subfield>
    <subfield code="w">ddc</subfield>
    <subfield code="y">0</subfield>
  </datafield>
  <datafield tag="952" ind1=" " ind2=" ">
    <subfield code="1">0</subfield>
    <subfield code="2">2022-03-14</subfield>
    <subfield code="4">0</subfield>
    <subfield code="7">0</subfield>
    <subfield code="a">401.9 STP</subfield>
    <subfield code="d">2022-03-14</subfield>
    <subfield code="h">CL</subfield>
    <subfield code="i">00168957</subfield>
    <subfield code="m">CL</subfield>
    <subfield code="r">2022-03-14 00:00:00</subfield>
    <subfield code="t">BOOK</subfield>
    <subfield code="w">ddc</subfield>
    <subfield code="y">0</subfield>
  </datafield>
  <datafield tag="952" ind1=" " ind2=" ">
    <subfield code="1">0</subfield>
    <subfield code="2">2022-03-14</subfield>
    <subfield code="4">0</subfield>
    <subfield code="7">0</subfield>
    <subfield code="a">401.9 STP</subfield>
    <subfield code="d">2022-03-14</subfield>
    <subfield code="h">CL</subfield>
    <subfield code="i">00168958</subfield>
    <subfield code="m">CL</subfield>
    <subfield code="r">2022-03-14 00:00:00</subfield>
    <subfield code="t">BOOK</subfield>
    <subfield code="w">ddc</subfield>
    <subfield code="y">0</subfield>
  </datafield>
  <datafield tag="952" ind1=" " ind2=" ">
    <subfield code="1">0</subfield>
    <subfield code="2">2022-03-14</subfield>
    <subfield code="4">0</subfield>
    <subfield code="7">0</subfield>
    <subfield code="a">401.9 STP</subfield>
    <subfield code="d">2022-03-14</subfield>
    <subfield code="h">SRF</subfield>
    <subfield code="i">00168959</subfield>
    <subfield code="m">SRF</subfield>
    <subfield code="r">2022-03-14 00:00:00</subfield>
    <subfield code="t">BOOK</subfield>
    <subfield code="w">ddc</subfield>
    <subfield code="y">0</subfield>
  </datafield>
  <datafield tag="952" ind1=" " ind2=" ">
    <subfield code="1">0</subfield>
    <subfield code="2">2022-03-14</subfield>
    <subfield code="4">0</subfield>
    <subfield code="7">0</subfield>
    <subfield code="a">401.9 STP</subfield>
    <subfield code="d">2022-03-14</subfield>
    <subfield code="h">SRF</subfield>
    <subfield code="i">00168960</subfield>
    <subfield code="m">SRF</subfield>
    <subfield code="r">2022-03-14 00:00:00</subfield>
    <subfield code="t">BOOK</subfield>
    <subfield code="w">ddc</subfield>
    <subfield code="y">0</subfield>
  </datafield>
  <datafield tag="952" ind1=" " ind2=" ">
    <subfield code="1">0</subfield>
    <subfield code="2">2022-03-14</subfield>
    <subfield code="4">0</subfield>
    <subfield code="7">0</subfield>
    <subfield code="a">401.9 STP</subfield>
    <subfield code="d">2022-03-14</subfield>
    <subfield code="h">SZM</subfield>
    <subfield code="i">00168961</subfield>
    <subfield code="m">SZM</subfield>
    <subfield code="r">2022-03-14 00:00:00</subfield>
    <subfield code="t">BOOK</subfield>
    <subfield code="w">ddc</subfield>
    <subfield code="y">0</subfield>
  </datafield>
  <datafield tag="952" ind1=" " ind2=" ">
    <subfield code="1">0</subfield>
    <subfield code="2">2022-03-14</subfield>
    <subfield code="4">0</subfield>
    <subfield code="7">0</subfield>
    <subfield code="a">401.9 STP</subfield>
    <subfield code="d">2022-03-14</subfield>
    <subfield code="h">SZM</subfield>
    <subfield code="i">00168962</subfield>
    <subfield code="m">SZM</subfield>
    <subfield code="r">2022-03-14 00:00:00</subfield>
    <subfield code="t">BOOK</subfield>
    <subfield code="w">ddc</subfield>
    <subfield code="y">0</subfield>
  </datafield>
</record>
